Statistics for New Zealand Logos

Click here to take the quiz!

General Stats

  • This quiz has been taken 43 times
  • The average score is 12 of 20

Answer Stats

Answer % Correct
All Blacks
90%
Jetstar Airways
90%
Air New Zealand
87%
New Zealand Herald
81%
Bank of New Zealand
81%
Radio New Zealand
81%
Westpac
77%
Z Energy
71%
Kiwibank
68%
Newshub
65%
ANZ Bank
58%
Flight Centre
55%
NZ Air Force
55%
Harcourts
48%
New Zealand First
42%
NZ Transport Agency
39%
Department of Conservation
39%
Auckland Airport
32%
New Zealand Government
29%
Vector
16%

Score Distribution

Percentile by Number Answered

Percent of People with Each Score

Your Score History

You have not taken this quiz